000 00284nam a2200121 i 4500
001 bg
245 0 _aZastosowanie antykorozyjnych powłok ochronnych.
260 _aCzęstochowa,
_c1984.
040 _cBPK
041 _apol
942 _cKS
008 s pl f |000 0 pol
999 _c28070
_d28070
856 _uhttp://koha.tu.koszalin.pl/cgi-bin/koha/opac-detail.pl?biblionumber=28070
_yKatalog online BPK